[Event "Golden Cleopatra op"]
[Site "Cairo"]
[Date "2016.12.19"]
[Round "8"]
[White "Ismail, Reda"]
[Black "Abdel Razik, Khaled"]
[Result "0-1"]
[WhiteElo "2110"]
[BlackElo "2375"]
[PlyCount "30"]
[EventDate "2016.12.13"]
[EventType "swiss"]
[EventRounds "10"]
[EventCountry "EGY"]
[SourceTitle "CBM 176 Extra"]
[Source "ChessBase"]
[SourceDate "2017.03.02"]
[SourceVersion "1"]
[SourceVersionDate "2017.03.02"]
[SourceQuality "1"]

1. e4 e6 2. d4 d5 3. Nc3 Bb4 4. e5 c5 5. a3 Bxc3+ 6. bxc3 Ne7 7. Nf3 Qa5 8. Bd2 Qa4 9. Qb1 a6 10. Qb6 Nd7 11. Qb3 Qa5 12. c4 Qc7 13. cxd5 Nxd5 14. Bc4 Ne7 15. 0-0 cxd4 0-1